Score 0/21 Timer 04:00
0 Plays Today
Letter Answer % Correct
AAthens ...
98.1%
MMeasure ...
95%
TTitus ...
93.3%
RRichard ...
93.1%
JJohn ...
92.3%
OOthello ...
92.2%
HHamlet ...
91.8%
KKing...
86.3%
LLost ...
85.5%
NNothing ...
84.8%
CCleopatra ...
81.3%
Letter Answer % Correct
VVenice ...
75.9%
DDream
68.2%
WWives ...
67.9%
YYou
66.3%
FFor
62%
IIt
54%
SShrew
51.4%
PPericles ...
50%
EErrors ...
47.6%
GGentlemen
40.3%
Remove Ads.
Support Sporcle.
Get the best of Sporcle when you Go Orange. This ad-free experience offers more features, more stats, and more fun while also helping to support Sporcle. Thank you for becoming a member.

You're not logged in!

Compare scores with friends on all Sporcle quizzes.
OR
Log In

Sporcle TV

Today on Sporcle TV


Watch our educational content, quiz creation guides, and fun videos on Sporcle TV.

Show Comments

Extras

Top Quizzes Today


Score Distribution

Paid Content

Your Account Isn't Verified!

In order to create a playlist on Sporcle, you need to verify the email address you used during registration. Go to your Sporcle Settings to finish the process.

Report this User

Report this user for behavior that violates our Community Guidelines.

Details: